The University-Military-Police Complex: A Directory and Related Documents

El autor compila una serie de instituciones que se dedican a la investigación militar o policiaca. El documento examina aquellas universidades estadounidenses que poseen programas de investigación de carácter militar y que ofrecen cursos o carreras afines. El trabajo recaba información y directorios...

Popoln opis

Shranjeno v:
Bibliografske podrobnosti
Glavni avtor: Klare, Michael T.
Drugi avtorji: compilador
Format: Texto
Izdano: New York (N.Y.): NACLA
Teme:
Oznake: Označite
Brez oznak, prvi označite!

MARC

LEADER 00000 a a2200000 04500
001 13637
003
040
090 |a 025400  
100 |a Klare, Michael T.  
245 |a The University-Military-Police Complex: A Directory and Related Documents   |a Klare, Michael T.  
260 |a New York (N.Y.):   |b NACLA  
300 |a 89 p.  
520 |a El autor compila una serie de instituciones que se dedican a la investigación militar o policiaca. El documento examina aquellas universidades estadounidenses que poseen programas de investigación de carácter militar y que ofrecen cursos o carreras afines. El trabajo recaba información y directorios sobre algunos de los siguientes tópicos: organizaciones dedicadas a investigaciones militares (Universidades, Organizaciones No Lucrativas, incluso, profesores y científicos), organizaciones que se dedican a la investigación de armamento químico y bacteriológico, organizaciones para el estudio de asuntos extranjeros, etc. ABB/mb  
650 |a DEFENSA  
650 |a ARMAS BACTERIOLOGICAS  
650 |a AYUDA MILITAR  
650 |a POLITICA DE DEFENSA  
650 |a MILITARISMO  
650 |a INVESTIGACION  
650 |a DIRECTORIOS  
700 |a compilador  
999 |c 10958  |d 10958